Fire Emblem Heroes: Book 1 - Statistics

General Stats
  • This quiz has been taken 32 times
  • The average score is 135 of 190
Answer Stats
Hint Source Answer % Correct
Brave Heroes Binding Roy: Brave Lion
100%
Launch Day Binding Roy: Young Lion
100%
Brave Heroes PoR Ike: Brave Mercenary
92%
World of Radiance PoR Ike: Young Mercenary
92%
Brave Heroes Awakening Lucina: Brave Princess
92%
Launch Day Awakening Lucina: Future Witness
92%
Spring Festival Awakening Lucina: Spring Exalt
92%
Brave Heroes Blazing Lyn: Brave Lady
92%
Bridal Blessings Blazing Lyn: Bride of the Plains
92%
Launch Day Blazing Lyn: Lady of the Plains
92%
Launch Day Archanea Marth: Altean Prince
92%
Tempest Reward Awakening Marth: Enigmatic Blade
92%
Launch Day Archanea Abel: The Panther
83%
Launch Day Heroes Alfonse: Prince of Askr
83%
Launch Day Heroes Anna: Commander
83%
Rite of Shadows Valentia Boey: Skillful Survivor
83%
Launch Day Archanea Caeda: Princess of Talys
83%
Bridal Blessings Archanea Caeda: Talys's Bride
83%
Launch Day Archanea Cain: The Bull
83%
Launch Day Awakening Chrom: Exalted Prince
83%
Spring Festival Awakening Chrom: Spring Exalt
83%
Launch Day Fates Corrin: Fateful Prince
83%
Launch Day Fates Corrin: Fateful Princess
83%
Nohrian Summer Fates Corrin: Novice Vacationer
83%
Family Bonds Sacred Eirika: Restoration Lady
83%
Family Bonds Sacred Ephraim: Restoration Lord
83%
The Sacred World Sacred Innes: Regal Strategician
83%
Tempest Reward Sacred Joshua: Tempest King
83%
Family Bonds Genealogy Julia: Naga's Blood
83%
Sibling Bonds Genealogy Lachesis: Lionheart's Sister
83%
Nohrian Summer Fates Leo: Seashore's Prince
83%
Launch Day Fates Leo: Sorcerous Prince
83%
Launch Day Archanea Maria: Minerva's Sister
83%
Sibling Bonds Thracia Olwen: Blue Mage Knight
83%
Sibling Bonds Thracia Reinhardt: Thunder's Fist
83%
Family Bonds Genealogy Seliph: Heir of Light
83%
Launch Day Heroes Sharena: Princess of Askr
83%
World of Holy War Genealogy Sigurd: Holy Knight
83%
World of Radiance PoR Soren: Shrewd Strategist
83%
The Sacred World Sacred Tana: Winged Princess
83%
Launch Day Archanea Tiki: Dragon Scion
83%
Launch Day Awakening Tiki: Naga's Voice
83%
Ylissean Summer Awakening Tiki: Summering Scion
83%
Grand Hero Battle Fates Xander: Paragon Knight
83%
Spring Festival Fates Xander: Spring Prince
83%
Nohrian Summer Fates Xander: Student Swimmer
83%
Grand Hero Battle Binding Zephiel: The Liberator
83%
World of Shadows Valentia Alm: Hero of Prophecy
75%
Launch Day Fates Arthur: Hapless Hero
75%
Grand Hero Battle Genealogy Arvis: Emperor of Flame
75%
Tempest Banner Genealogy Ayra: Astra's Wielder
75%
Launch Day Binding Bartre: Fearless Warrior
75%
Launch Day Fates Camilla: Bewitching Princess
75%
Spring Festival Fates Camilla: Spring Princess
75%
Launch Day Archanea Catria: Middle Whitewing
75%
Rite of Shadows Valentia Celica: Caring Princess
75%
Launch Day Awakening Cordelia: Knight Paragon
75%
Bridal Blessings Awakening Cordelia: Perfect Bride
75%
World of Holy War Genealogy Deirdre: Lady of the Forest
75%
Launch Day Archanea Draug: Gentle Giant
75%
Sibling Bonds Genealogy Eldigan: Lionheart
75%
Launch Day Fates Elise: Budding Flower
75%
Nohrian Summer Fates Elise: Tropical Flower
75%
Launch Day Blazing Eliwood: Knight of Lycia
75%
Launch Day Archanea Est: Junior Whitewing
75%
Launch Day Binding Fae: Divine Dragon
75%
Launch Day Blazing Florina: Lovely Flier
75%
Launch Day Archanea Gordin: Altean Archer
75%
Alm's Army Valentia Gray: Wry Comrade
75%
Launch Day Blazing Hector: General of Ostia
75%
Trick or Defeat! Awakening Henry: Happy Vampire
75%
Launch Day Awakening Henry: Twisted Mind
75%
Trick or Defeat! Fates Jakob: Devoted Monster
75%
Launch Day Fates Jakob: Devoted Servant
75%
Sibling Bonds Binding Klein: Silver Nobleman
75%
Launch Day Binding Lilina: Delightful Noble
75%
Launch Day Archanea Linde: Light Mage
75%
Launch Day Awakening Lissa: Sprightly Cleric
75%
Rite of Shadows Valentia Mae: Bundle of Energy
75%
Launch Day Archanea Merric: Wind Mage
75%
Farfetched Heroes PoR Mia: Lady of Blades
75%
Grand Hero Battle Archanea Michalis: Ambitious King
75%
Launch Day Arcanea Minerva: Red Dragoon
75%
World of Radiance PoR Mist: Helpful Sister
75%
Grand Hero Battle Archanea Navarre: Scarlet Sword
75%
Launch Day Blazing Nino: Pious Mage
75%
Launch Day Fates Odin: Potent Force
75%
Launch Day Awakening Olivia: Blushing Beauty
75%
Performing Arts Awakening Olivia: Festival Dancer
75%
Launch Day Archanea Palla: Eldest Whitewing
75%
Launch Day Blazing Raven: Peerless Fighter
75%
Blazing Shadows Blazing Rebecca: Wildflower
75%
Launch Day Awakening Robin: High Deliverer
75%
Grand Hero Battle Awakening Robin: Mystery Tactician
75%
Ylissean Summer Awakening Robin: Seaside Tactician
75%
Launch Day Fates Ryoma: Peerless Samurai
75%
Celica's Army Valentia Saber: Driven Mercenary
75%
Launch Day Fates Selena: Cutting Wit
75%
The Sacred World Sacred Seth: Silver Knight
75%
World of Holy War Genealogy Tailtiu: Thunder Noble
75%
Launch Day Fates Takumi: Wild Card
75%
World of Radiance PoR Titania: Mighty Mercenary
75%
Tempest Reward Valentia Tobin: The Clueless One
75%
Launch Day Awakening Virion: Elite Archer
75%
The Sacred World Sacred Amelia: Rose of the War
67%
Performing Arts Fates Azura: Lady of Ballads
67%
Launch Day Fates Azura: Lady of the Lake
67%
Launch Day Archanea Barst: The Hatchet
67%
Launch Day Fates Beruka: Quiet Assassin
67%
Grand Hero Battle Archanea Camus: Sable Knight
67%
Bridal Blessings Fates Charlotte: Money Maiden
67%
Launch Day Binding Clarine: Refined Noble
67%
Tempest Reward Valentia Clive: Idealistic Knight
67%
Alm's Army Valentia Delthea: Free Spirit
67%
Farfetched Heroes Blazing Dorcas: Serene Warrior
67%
Launch Day Fates Effie: Army of One
67%
Dauntless Crimeans PoR Elincia: Lost Princess
67%
Launch Day Fates Felicia: Maid Mayhem
67%
Launch Day Binding Fir: Sword Student
67%
Ylissean Summer Awakening Frederick: Horizon Watcher
67%
Launch Day Awakening Frederick: Polite Knight
67%
Launch Day Awakening Gaius: Candy Stealer
67%
Ylissean Summer Awakening Gaius: Thief Exposed
67%
Rite of Shadows Valentia Genny: Endearing Ally
67%
Launch Day Fates Hana: Focused Samurai
67%
Blazing Shadows Blazing Jaffar: Angel of Death
67%
Launch Day Fates Laslow: Dancing Duelist
67%
Celica's Army Valentia Leon: True of Heart
67%
Launch Day Awakening Lon'qu: Solitary Blade
67%
World of Shadows Valentia Lukas: Sharp Soldier
67%
Alm's Army Valentia Mathilda: Legendary Knight
67%
Launch Day Blazing Matthew: Faithful Spy
67%
Grand Hero Battle Binding Narcian: Wyvern General
67%
Launch Day Fates Oboro: Fierce Fighter
67%
Launch Day Archanea Ogma: Loyal Blade
67%
Dauntless Crimeans PoR Oscar: Agile Horseman
67%
Launch Day Fates Peri: Playful Slayer
67%
Launch Day Binding Raigh: Dark Child
67%
Trick or Defeat! Fates Sakura: Gentle Nekomata
67%
Launch Day Fates Sakura: Loving Priestess
67%
Launch Day Blazing Serra: Outspoken Cleric
67%
Launch Day Binding Shanna: Sprightly Flier
67%
Launch Day Archanea Sheena: Princess of Gra
67%
Launch Day Awakening Stahl: Viridian Knight
67%
Launch Day Awakening Sully: Crimson Knight
67%
Grand Hero Battle Blazing Ursula: Blue Crow
67%
Launch Day Fates Azama: Carefree Monk
58%
Grand Hero Battle PoR Black Knight: Sinister General
58%
Launch Day Binding Cecilia: Etrurian General
58%
World of Shadows Valentia Faye: Devoted Heart
58%
Launch Day Fates Gunter: Inveterate Soldier
58%
Launch Day Fates Hinata: Wild Samurai
58%
Launch Day Fates Hinoka: Warrior Princess
58%
Launch Day Archanea Jagen: Veteran Knight
58%
Launch Day Archanea Jeorge: Perfect Shot
58%
Launch Day Fates Kagero: Honorable Ninja
58%
Blazing Shadows Blazing Karel: Sword Demon
58%
Launch Day Fates Niles: Cruel to be Kind
58%
Blazing Shadows Blazing Ninian: Oracle of Destiny
58%
Blazing Shadows Blazing Priscilla: Delicate Princess
58%
Launch Day Fates Saizo: Angry Ninja
58%
Sibling Bonds RD Sanaki: Begnion's Apostle
58%
Launch Day Fates Setsuna: Absent Archer
58%
Celica's Army Valentia Sonya: Vengeful Mage
58%
Launch Day Fates Subaki: Perfect Expert
58%
Launch Day Awakening Tharja: Dark Shadow
58%
Grand Hero Battle Sacred Valter: Dark Moonstone
58%
Launch Day Archanea Wrys: Kindly Priest
58%
Tempest Reward Genealogy Arden: Strong and Tough
50%
Echoes of Mystery Archanea Athena: Borderland Sword
50%
Grand Hero Battle Valentia Berkut: Prideful Prince
50%
Launch Day Awakening Cherche: Wyvern Friend
50%
World of Shadows Valentia Clair: Highborn Flier
50%
Launch Day Awakening Donnel: Village Hero
50%
Launch Day Binding Gwendolyn: Adorable Knight
50%
Launch Day Blazing Hawkeye: Desert Guardian
50%
Performing Arts Awakening Inigo: Indigo Dancer
50%
Echoes of Mystery Archanea Katarina: Wayward One
50%
Grand Hero Battle Blazing Lloyd: White Wolf
50%
Blazing Shadows Blazing Lucius: The Light
50%
Echoes of Mystery Archanea Luke: Rowdy Squire
50%
Farfetched Heroes Sacred Lute: Prodigy
50%
Trick or Defeat! Awakening Nowi: Eternal Witch
50%
Launch Day Awakening Nowi: Eternal Youth
50%
Echoes of Mystery Archanea Roderick: Steady Squire
50%
Performing Arts Fates Shigure: Dark Sky Singer
50%
Launch Day Binding Sophia: Nabata Prophet
50%
Grand Hero Battle Archanea Clarisse: Sniper in the Dark
42%
Grand Hero Battle Archanea Legion: Masked Maniac
42%
Dauntless Crimeans PoR Nephenee: Fierce Halberdier
42%
No matching quizzes found
Score Distribution
Percent of People with Each Score
Percentile by Number Answered
Your Score History
You have not taken this quiz